Táto vláda zatiaľ neposilnila dôveru v štát
Rozhovor s prezidentom SR Andrejom Kiskom. Správa o stave republiky - oslabená dôvera ľudí v štát, kauza Bašternák, potreba zlepšenia školstva a zdravotníctva. Úroveň politiky, podpora ľudí za postoje, predsedníctvo SR v Rade Európy, voľba generálneho tajomníka OSN.
Gespeichert in:
| 1. Verfasser: | |
|---|---|
| Weitere Verfasser: | , |
| Format: | Buchkapitel |
| Sprache: | Slowakisch |
| Schlagworte: | |
| Tags: |
Keine Tags, Fügen Sie das erste Tag hinzu!
|
MARC
| LEADER | 00000naa a2200000 4500 | ||
|---|---|---|---|
| 001 | 0224555 | ||
| 005 | 20231113105907.7 | ||
| 041 | 0 | |a slo | |
| 044 | |a SK | ||
| 245 | 1 | 0 | |a Táto vláda zatiaľ neposilnila dôveru v štát |c Marián Leško, Filip Obradovič, Andrej Kiska |
| 520 | |a Rozhovor s prezidentom SR Andrejom Kiskom. Správa o stave republiky - oslabená dôvera ľudí v štát, kauza Bašternák, potreba zlepšenia školstva a zdravotníctva. Úroveň politiky, podpora ľudí za postoje, predsedníctvo SR v Rade Európy, voľba generálneho tajomníka OSN. | ||
| 610 | 2 | 0 | |a politika |
| 610 | 2 | 0 | |a prezidenti |
| 610 | 2 | 0 | |a strany politické |
| 610 | 2 | 0 | |a korupcia |
| 610 | 2 | 0 | |a zdravotníctvo |
| 610 | 2 | 0 | |a školstvo |
| 610 | 2 | 0 | |a Slovensko |
| 100 | 1 | |a Leško, Marián | |
| 700 | 1 | |a Obradovič, Filip | |
| 700 | 1 | |a Kiska, Andrej | |